Statistics for Close-Up Foods #1

Click here to take the quiz!

General Stats

  • This quiz has been taken 478 times
  • The average score is 12 of 16

Answer Stats

Answer% Correct
Pineapple
100%
Pizza
99%
Cheeseburger
97%
Onion
91%
Cupcake
88%
Strawberry
88%
Spaghetti and Meatballs
85%
Celery
79%
Pear
74%
Grapefruit
73%
Hot Dog
73%
Leek
59%
Pumpkin Pie
59%
Beet
55%
Taco
51%
Grapes
48%

Score Distribution

Percentile by Number Answered

Percent of People with Each Score

Your Score History

You have not taken this quiz